00406pam a2200145 a 4500020002400000041001400024082001500038100001600053245008500069250001200154260004200166300003000208365001200238650001000250 a0781729718c1415.20 aenghNULL a617.3bTUR aTUREK, S . aORTHOPAEDICS : PRINCIPLES & THEIR APPLICATION VOL-2 / cNULL.hTextual Documents a4 / b. aNULL : bJAYPEE / LIPPINCOT , c2004. a1756 : bxxvi ; cNULL .  a1415.20 aORTHO